20 Continental Capitals furthest from Island Capitals - Statistics

General Stats
  • This quiz has been taken 46 times
  • The average score is 14 of 20
Answer Stats
D (km) Capital City % Correct
2.310 Moscow
97%
3.310 Sucre
95%
3.286 Brasilia
89%
4.978 Santiago
86%
3.287 Astana
84%
4.001 Asuncion
84%
2.857 Bishkek
84%
5.022 Buenos Aires
84%
5.074 Montevideo
84%
2.845 Ulaanbaatar
84%
2.370 Kathmandu
78%
3.041 Lima
76%
2.391 Tashkent
73%
2.418 New Delhi
70%
2.315 Islamabad
68%
2.497 Thimphu
59%
2.770 Windhoek
41%
2.322 Gaborone
38%
2.276 Addis Ababa
30%
2.336 Maseru
30%
No matching quizzes found
Score Distribution
Percent of People with Each Score
Percentile by Number Answered
Your Score History
You have not taken this quiz